წიგნი სააქიმოი : (ბიბ.ჩანაწერი № 61919)
[ მარტივი ფორმატი ]
| 000 -ლიდერი | |
|---|---|
| ფიქსირებული სიგრძის საკონტროლო ველი | 01497nam a22001937a 4500 |
| 003 - საკონტროლო ნომრის იდენტიფიკატორი | |
| საკონტროლო ველი | Ge_BSU |
| 005 - ბოლო ოპერაციის თარიღი და დრო | |
| საკონტროლო ველი | 20240607165649.0 |
| 008 - ფიქსირებული სიგრძის მონაცემთა ელემენტები - ზოგადი ინფორმაცია | |
| ფიქსირებული სიგრძის საკონტროლო ველი | 240607s1936 ge ||||| |||| 00| 0 geo d |
| 041 ## - ენის კოდი | |
| Language code of text/sound track or separate title | geo |
| 080 ## - უნივერსალური ათობითი კლასიფიკაციის ინდექსი | |
| Universal Decimal Classification number | 615.89(479.22) კ-79 |
| 100 ## - მთავარი ჩანაწერი - პიროვნების სახელი | |
| Personal name | კოტეტიშვილი, ლადო |
| 9 (RLIN) | 22371 |
| 245 ## - ცნობა სათაურის შესახებ | |
| Title | წიგნი სააქიმოი : |
| Remainder of title | მედიცინა ძველ საქართველოში, XIII საუკუნე / |
| Statement of responsibility, etc | ლადო კოტეტიშვილი ; ტფ. საბჭ. ჯან-განის და ჯან. სახ. კომ-ის სანიტ.-ჰიგ. ინ-ტი, ხალხური მედიცინის კაბინეტი. |
| 264 ## - წარმოების, გამოცემის, დისტრიბუციის და სხვა ცნობები | |
| გამოცემის, წარმოების, დისტრიბუციის... ადგილი | ტფილისი : |
| გამოცემის, წარმოების, დისტრიბუციის... სახელწოდება | სახელგამის სამეცნ. სექტორის გა-მა, |
| გამოცემის, წარმოების, დისტრიბუციის... თარიღი | 1936. |
| 300 ## - ფიზიკური აღწერა | |
| Extent | 382 გვ. ; |
| Other physical details | 27 სმ. |
| 500 ## - ზოგადი შენიშვნა | |
| General note | დამატებითი თავფურცელი რუსულ და ფრანგულ ენებზე. |
| 501 ## - შენიშვნა თანმხლებ მასალაზე | |
| With note | წინასიტყვაობა ქართულ და ფრანგულ ენებზე. დანართი: ლექსიკონი, პირთა სახელების საძიებელი და ავადმყოფთა საძიებელი (297-376 გვ.). |
| 653 ## - INDEX TERM--UNCONTROLLED | |
| Uncontrolled term | ქართული ხალხური მედიცინა |
| 942 ## - ADDED ENTRY ELEMENTS (KOHA) | |
| Source of classification or shelving scheme | |
| Koha item type | წიგნი |
| ჩამოწერის სტატუსი | დაკარგული ეგზემპლარის სტატუსი | კლასიფიკაციის წყარო ან თაროზე გაწყობის სქემა | დაზიანების სტატუსი | არ გაიცემა | მუდმივი მდებარეობა (დაცვის ადგილი) | ამჟამინდელი ადგილსამყოფელი | თაროზე განთავსების ადგილი | შეძენის თარიღი | ღირებულება, შესყიდვის ნორმალური ფასი | სრული შენახვის შიფრი | შტრიხკოდი | ბოლო ოპერაციის თარიღი | ეგზემპლარის მიმდევრობითი ნომერი (კეტერი?) | ფასის ძალაში შესვლის თარიღი | ეგზემპლარის სახეობა | საჯარო შენიშვნა |
|---|---|---|---|---|---|---|---|---|---|---|---|---|---|---|---|---|
| ბათუმის შოთა რუსთაველის სახელმწიფო უნივერსიტეტის მთავარი ბიბლიოთეკა | ბათუმის შოთა რუსთაველის სახელმწიფო უნივერსიტეტის მთავარი ბიბლიოთეკა | წიგნსაცავი | 2024-06-07 | 2.38 | 615.89(479.22) კ-79 | 68055 | 2024-06-07 | 68055 | 2024-06-07 | წიგნი | 2 ლ. 38 თ. | |||||
| ბათუმის შოთა რუსთაველის სახელმწიფო უნივერსიტეტის მთავარი ბიბლიოთეკა | ბათუმის შოთა რუსთაველის სახელმწიფო უნივერსიტეტის მთავარი ბიბლიოთეკა | წიგნსაცავი | 2024-06-07 | 2.38 | 615.89(479.22) კ-79 | 68057 | 2024-06-07 | 68057 | 2024-06-07 | წიგნი | 2 ლ. 38 თ. | |||||
| ბათუმის შოთა რუსთაველის სახელმწიფო უნივერსიტეტის მთავარი ბიბლიოთეკა | ბათუმის შოთა რუსთაველის სახელმწიფო უნივერსიტეტის მთავარი ბიბლიოთეკა | წიგნსაცავი | 2024-06-07 | 2.38 | 615.89(479.22) კ-79 | 68056 | 2024-06-07 | 68056 | 2024-06-07 | წიგნი | 2 ლ. 38 თ. |
